Úloha štátu v oblasti financovania regionálneho a vysokoškolského vzdelávania bakalárska práca

Guardado en:
Detalles Bibliográficos
Autor principal: Solar, Juraj
Autor Corporativo: Národohospodárska fakulta EU. Katedra financií
Otros Autores: Vališová, Daša, 1982-
Formato: Libro
Lenguaje:eslovaco
Publicado: Bratislava 2010
Etiquetas: Agregar Etiqueta
Sin Etiquetas, Sea el primero en etiquetar este registro!

MARC

LEADER 00000nam$a2200000$$$4500
001 0136485
005 20240320074551.4
041 0 |a slo 
044 |a SK 
245 1 0 |a Úloha štátu v oblasti financovania regionálneho a vysokoškolského vzdelávania  |b bakalárska práca  |c Juraj Solar ; školiteľ: Daša Vališová 
264 1 |a Bratislava  |c 2010 
300 |a 50 s. 
100 1 |a Solar, Juraj 
700 1 |a Vališová, Daša, 1982- 
710 2 |a Národohospodárska fakulta EU. Katedra financií